Clinical obstetrics & gynaecology / (Record no. 12159)
[ view plain ]
| 000 -LEADER | |
|---|---|
| fixed length control field | 01414cam a2200457 a 4500 |
| 020 ## - INTERNATIONAL STANDARD BOOK NUMBER | |
| International Standard Book Number | 9780702054082 (pbk.) |
| 020 ## - INTERNATIONAL STANDARD BOOK NUMBER | |
| International Standard Book Number | 0702054089 (pbk.) |
| 020 ## - INTERNATIONAL STANDARD BOOK NUMBER | |
| International Standard Book Number | 9780702054099 (International ISBN) |
| 020 ## - INTERNATIONAL STANDARD BOOK NUMBER | |
| International Standard Book Number | 0702054097 (International ISBN) |
| 020 ## - INTERNATIONAL STANDARD BOOK NUMBER | |
| Canceled/invalid ISBN | 9780702054105 (eISBN) |
| 035 ## - SYSTEM CONTROL NUMBER | |
| System control number | (OCoLC)ocn872979719 |
| 042 ## - AUTHENTICATION CODE | |
| Authentication code | pcc |
| 060 00 - NATIONAL LIBRARY OF MEDICINE CALL NUMBER | |
| Classification number | 2014 I-094 |
| 060 10 - NATIONAL LIBRARY OF MEDICINE CALL NUMBER | |
| Classification number | WQ 100 |
| 082 00 - DEWEY DECIMAL CLASSIFICATION NUMBER | |
| Classification number | 618.1 |
| Author Mark | MAG |
| 100 ## - MAIN ENTRY--PERSONAL NAME | |
| Author Name | Magowan A. BRIAN |
| 245 00 - TITLE STATEMENT | |
| Title | Clinical obstetrics & gynaecology / |
| 250 ## - EDITION STATEMENT | |
| Edition statement | 4TH edition. |
| 264 #1 - PRODUCTION, PUBLICATION, DISTRIBUTION, MANUFACTURE, AND COPYRIGHT NOTICE | |
| Place of production, publication, distribution, manufacture | Edinburgh ; |
| -- | New York : |
| Name of producer, publisher, distributor, manufacturer | Saunders/Elsevier, |
| Date of production, publication, distribution, manufacture, or copyright notice | 2019. |
| 300 ## - PHYSICAL DESCRIPTION | |
| No of Pages | xiii, 404 p. : |
| illustrations | ill. ; |
| Dimensions | 27 cm. |
| 336 ## - CONTENT TYPE | |
| Content type term | text |
| Source | rdacontent |
| 337 ## - MEDIA TYPE | |
| Media type term | unmediated |
| Source | rdamedia |
| 338 ## - CARRIER TYPE | |
| Carrier type term | volume |
| Source | rdacarrier |
| 500 ## - GENERAL NOTE | |
| General note | Previous edition: 2009. |
| 500 ## - GENERAL NOTE | |
| General note | Includes index. |
| 650 #0 - SUBJECT ADDED ENTRY--TOPICAL TERM | |
| Subject | Gynecology. |
| Keywords | IMDC |
| 650 #0 - SUBJECT ADDED ENTRY--TOPICAL TERM | |
| Subject | Obstetrics. |
| 650 12 - SUBJECT ADDED ENTRY--TOPICAL TERM | |
| Subject | Obstetrics. |
| 650 22 - SUBJECT ADDED ENTRY--TOPICAL TERM | |
| Subject | Genital Diseases, Female. |
| 650 22 - SUBJECT ADDED ENTRY--TOPICAL TERM | |
| Subject | Pregnancy Complications. |
| 650 22 - SUBJECT ADDED ENTRY--TOPICAL TERM | |
| Subject | Pregnancy. |
| 650 #7 - SUBJECT ADDED ENTRY--TOPICAL TERM | |
| Subject | Gynecology. |
| Authority record control number or standard number | (OCoLC)fst00949684 |
| 650 #7 - SUBJECT ADDED ENTRY--TOPICAL TERM | |
| Subject | Obstetrics. |
| Authority record control number or standard number | (OCoLC)fst01042994 |
| 906 ## - LOCAL DATA ELEMENT F, LDF (RLIN) | |
| a | 7 |
| b | cbc |
| c | pccadap |
| d | 2 |
| e | ncip |
| f | 20 |
| g | y-gencatlg |
| 942 ## - ADDED ENTRY ELEMENTS (KOHA) | |
| Source of classification or shelving scheme | |
| Koha item type | Books |
| 952 ## - LOCATION AND ITEM INFORMATION (KOHA) | |
| -- | 2021-07-15 |
| Item status | Home library | Current library | Shelving location | Date acquired | Source of acquisition | Cost, normal purchase price | Total Checkouts | Full call number | Barcode | Date last seen | Date last checked out | Koha item type |
|---|---|---|---|---|---|---|---|---|---|---|---|---|
| Islamabad Medical and Dental College | Islamabad Medical and Dental College | Islamabad Medical and Dental College | 15/07/2021 | PAK BOOK | 8102.00 | 1 | 618.1 MAG | 11118 | 24/02/2022 | 27/01/2022 | Books |
